000
00285nam a2200145Ia 4500
100
_a
Kurien
942
_c
BK
366
_f
20
245
_a
I too had a dream
260
_b
Roli Books
_c
2005
082
_a
808.83
_b
KUR
300
_a
250
546
_a
ENGLISH
_c
Computers
999
_c
32215
_d
32215